000 00483nam a22001577a 4500
005 20240827132910.0
008 240827b |||||||| |||| 00| 0 eng d
041 _aEnglish
082 _a349 SEL
100 _lEnglish
245 _aThe Selective Voet being the Commentary on the Pandects
260 _aLondon:
_bButterworth and Company Publishers Ltd,
_c1958
300 _b327 pages;
_c28 cm.
650 _aLegal practice
_bLaw
942 _cBK
_6ALISON_BN_VRIES
999 _c2866
_d2866